000 00437nam a22001817a 4500
003 MPLRDC
005 20220104124043.0
008 210129b ||||| |||| 00| 0 eng d
082 _a889 LMSJ v.977
100 _a珊德拉. 罗德斯著; 何梦译
245 _a无情弦
_c
250 _a初版
260 _a
_b骏马文化公司
_c1989
300 _b
490 _a罗曼史集;977
650 _a
942 _cBK
_o889 LMSJ v.977
999 _c16278
_d16268